| 000 | 00488cam a2200169 a 4500 | ||
|---|---|---|---|
| 001 | 000006685 | ||
| 005 | 20200929153956.0 | ||
| 008 | 740521s1969 sp b 000 0 spa | ||
| 040 |
_aDO-SdBNP _bspa _cBNPHU |
||
| 082 |
_a863.2 _bS228c |
||
| 100 | 1 |
_aSan Pedro, Diego de, _d¿1437-1498? _918628 |
|
| 245 | 1 | 0 |
_aCarcel de amor / _cD. de San Pedro. |
| 260 |
_aBarcelona : _bZeus, _c1969. |
||
| 300 |
_a237 p. ; _c18 cm. |
||
| 650 | 4 |
_aNovela española _91123 |
|
| 650 | 4 |
_aLiteratura española _9632 |
|
| 999 |
_c6474 _d6474 |
||